000 01060nam a22002537i 4500
999 _c32964
_d32964
001 IT\ICCU\MIL\1149235
003 ItRI
005 20260401170456.0
008 250714s2025 it |||||| ||||| |||||c
020 _a9791220602655
040 _bita
_cIUSTO
041 7 _aita
_2ISO-639-2
082 _a371.3344678
_223
130 0 _aDidattica delle New Literacies
245 0 0 _aDidattica delle new literacies /
_c[a cura di] Chiara Panciroli, Pier Cesare Rivoltella ; con la collaborazione di Ylenia Battistini ... [et al.].
260 _aMilano :
_bMondadori università,
_c2025
300 _aX, 278 p. :
_bill. ;
_c24 cm
650 7 _aDidattica
_xImpiego [dei] Nuovi media
_2nsbncf
700 1 _aRivoltella, Pier Cesare
_0IT\ICCU\CFIV\112982
_4edt
700 1 _aPanciroli, Chiara
_0IT\ICCU\LO1V\205993
_4edt
700 1 _aBattistini, Ylenia
_0IT\ICCU\RAVV\707606
830 0 _aMondadori università
_0IT\ICCU\CFI\0812608
982 1 _6z01
_an
942 _2ddc
_cBK
981 1 _6z01
_ai
_bxxxe